| 000 | 00538nam a22001817a 4500 | ||
|---|---|---|---|
| 999 |
_c526646 _d526646 |
||
| 003 | NUST | ||
| 020 | _qHBK | ||
| 038 | _aFaiza | ||
| 082 |
_a891.421 _bHUS |
||
| 100 |
_aHussain, Ashiq _917648 |
||
| 245 |
_aBy perwah naal galh Muharr _cAshiq Hussain |
||
| 260 |
_aMultan : _bUsama Publishers, _c1996. |
||
| 300 | _a159 p. ; | ||
| 880 |
_6100-01\r _aعاشق حُسین |
||
| 880 |
_6245-02\r _aبے پرواہ نال گالھ مُہاڑ / |
||
| 880 |
_6260-03\r _aملتان : _bاُسامہ پبلیشرز, _c۱۹۹۶. |
||
| 942 |
_2ddc _cBK |
||